Violencia puertas adentro: la mujer golpeada
Guardat en:
| Autor principal: | |
|---|---|
| Format: | Llibre |
| Idioma: | espanyol |
| Publicat: |
Santiago
Edit. Universitaria
1994
|
| Matèries: | |
| Etiquetes: |
Afegir etiqueta
Sense etiquetes, Sigues el primer a etiquetar aquest registre!
|
MARC
| LEADER | 00000nam a2200000 a 4500 | ||
|---|---|---|---|
| 001 | UCY2910 | ||
| 003 | CL-VaPUC | ||
| 008 | 941129e19940000CL |||||||||||||||||spa|d | ||
| 020 | |a 9561109928 | ||
| 082 | 0 | 4 | |a 306.87 |b LAR |2 21 |
| 100 | |a Larraín Heiremans, Soledad |e author |9 331073 | ||
| 245 | 1 | 0 | |a Violencia puertas adentro: la mujer golpeada |
| 300 | |a 149 p | ||
| 942 | |c BK | ||
| 945 | |d 19941129 00:00:00 |a aalvarez | ||
| 260 | |a Santiago |b Edit. Universitaria |c 1994 | ||
| 500 | |a Estudio sobre violencia y la agresión que permite establecer la frecuencia de la violencia hacia la mujer chilena en el ámbito familiar, haciendo evidente una grave situación que se mantenía oculta o minimizada. Se dan orientaciones de políticas públicas | ||
| 650 | 0 | |a Violencia conyugal |9 259238 | |
| 650 | 0 | |a Mujeres |9 257649 | |
| 650 | 0 | |a Violencia intrafamiliar |9 312986 | |
| 651 | 7 | |a CHILE |2 CL-VaPUC |9 331074 | |
| 583 | |a last modification |c 20180326 12:41:34 |k Rodrigo Vera | ||
| 999 | |c 231184 |d 231182 | ||
| 952 | |0 0 |1 0 |4 0 |6 306_870000000000000_LAR_1994 |7 0 |8 A |9 234053 |a BIBEDU |b BIBEDU |d 2019-11-15 |i 3036294 |o 306.87 LAR 1994 |p 3036294 |r 2019-11-15 |w 2019-11-15 |y BK |k EDU | ||
| 952 | |0 0 |1 0 |4 0 |6 306_870000000000000_LAR_1994 |7 0 |8 A |9 234054 |a BIBGIM |b BIBGIM |d 2019-11-15 |i 3381587 |o 306.87 LAR 1994 |p 3381587 |r 2025-01-15 |w 2019-11-15 |y BK |k SSL | ||
| 952 | |0 0 |1 0 |4 0 |6 306_870000000000000_LAR_1994 |7 0 |8 A |9 234055 |a BIBGIM |b BIBGIM |d 2019-11-15 |i 3785602 |l 1 |m 1 |o 306.87 LAR 1994 |p 3785602 |r 2025-01-15 |s 2021-10-21 |w 2019-11-15 |y BK |k SSL | ||
| 952 | |0 0 |1 0 |4 0 |6 306_870000000000000_LAR_1994 |7 0 |8 A |9 234056 |a BIBGIM |b BIBGIM |d 2019-11-15 |i 4143973 |l 1 |o 306.87 LAR 1994 |p 4143973 |r 2025-01-15 |s 2022-10-14 |w 2019-11-15 |y BK |k GIM | ||